000 00871am a2200301a 44500
003 AR-BaBNM
005 20251128205055.0
008 216019s1996 #AR|||||||||||000 | spa||
020 _a950-02-5817-X
040 _cAR-BaBNM
100 1 _aGil, Beatriz Elcira
245 1 0 _aEl secretario de hoy en una escuela bien pensada
250 _a1ª ed.
260 _aBuenos Aires
_bEl Ateneo
_c1996
300 _a133 p.
_bdiagr., tablas
490 0 _aNuevos aires en educación
504 _aBibliografía: p. 132-133
650 4 _aORGANIZACION ESCOLAR
650 4 _aORGANIZACION ADMINISTRATIVA
650 4 _aROL DEL DOCENTE
650 4 _aLEGISLACION ESCOLAR
650 4 _aADMINISTRACION ESCOLAR
650 4 _aFORMACION DE ADMINISTRADORES
700 1 _aTringaniello, Norma Mabel
800 1 _aPerricone, Graciela
_ecoordinador
942 _cBK
998 _csilvi
999 _c9880
_d9880